[Event "Andorra open"]
[Site "Escaldes"]
[Date "2022.07.27"]
[Round "5.11"]
[White "Kogan, Arthur"]
[Black "Krayz, Alexander"]
[Result "1-0"]
[WhiteElo "2476"]
[BlackElo "2342"]
[Annotator "User"]
[PlyCount "52"]
[EventDate "2022.07.24"]
[EventCountry "AND"]

1. e4 e6 2. d4 d5 3. Nc3 Bb4 4. e5 Ne7 5. a3 Bxc3+ 6. bxc3 b6 7. Qg4 Ng6 8. h4
h5 9. Qg3 Ba6 10. Bxa6 Nxa6 11. Bg5 Qd7 12. Ne2 Nb8 13. Qf3 Nc6 14. Ng3 Na5 15.
Nxh5 Rh7 16. Rh3 Nc4 17. a4 a5 18. g4 Nf8 19. Nf4 Qc6 20. h5 Kd7 21. Ne2 Ke8
22. Qf4 Qd7 23. Ng1 Rb8 24. Rf3 b5 25. Qg3 c6 26. Bf4 Nb2 {Resto ilegible} 1-0

[Event "Andorra open"]
[Site "Escaldes"]
[Date "2022.07.27"]
[Round "5.12"]
[White "Prado Lobo, Jonas"]
[Black "Holm, Kristian Stuvik"]
[Result "0-1"]
[WhiteElo "2296"]
[BlackElo "2463"]
[PlyCount "50"]
[EventDate "2022.07.24"]
[EventCountry "AND"]

1. d4 d5 2. c4 e6 3. Nc3 Bb4 4. e3 Nf6 5. Bd3 O-O 6. Nf3 dxc4 7. Bxc4 c5 8. O-O
Nc6 9. dxc5 Bxc3 10. bxc3 Qa5 11. Qb3 Ne4 12. Qa3 Nxc5 13. Qxa5 Nxa5 14. Ba3
Nxc4 15. Bxc5 Re8 16. Rfd1 b6 17. Bd6 f6 18. Rd4 Ba6 19. Bb4 e5 20. Rdd1 Rad8
21. Nh4 Bc8 22. Be7 Rd7 23. Rxd7 Bxd7 24. Bb4 a5 25. Rd1 Bc6 0-1

[Event "Andorra open"]
[Site "Escaldes"]
[Date "2022.07.27"]
[Round "5.13"]
[White "Boyer, Mahel"]
[Black "Nottola, Adrien"]
[Result "1/2-1/2"]
[WhiteElo "2439"]
[BlackElo "2275"]
[PlyCount "135"]
[EventDate "2022.07.24"]
[EventCountry "AND"]

1. e4 c5 2. Nf3 d6 3. d4 cxd4 4. Nxd4 Nf6 5. Nc3 a6 6. Rg1 e5 7. Nb3 Be6 8. g4
d5 9. exd5 Nxd5 10. Nxd5 Qxd5 11. Qxd5 Bxd5 12. Be3 Nc6 13. O-O-O O-O-O 14. Bb6
Rd6 15. Rg3 Be6 16. Rxd6 Bxd6 17. Nc5 Bxc5 18. Bxc5 h6 19. h3 Kc7 20. Rc3 Bd5
21. Be2 Rd8 22. Be3 Rd7 23. h4 Be4 24. h5 f6 25. a3 Kd6 26. Bc5+ Kc7 27. Be3
Kd6 28. Bb6 Nd4 29. Bd1 Bc6 30. Re3 Ne6 31. b3 Nf4 32. c4 Bg2 33. b4 Ke7 34.
Bc2 Bf1 35. Bf5 Ne6 36. f4 Bxc4 37. fxe5 fxe5 38. Rxe5 Kf6 39. Re3 Rd6 40. Ba7
Rc6 41. Kb2 Bd5 42. Rd3 Nf4 43. Bd4+ Kf7 44. Re3 Rc4 45. Bc5 Be6 46. Be4 Nd5
47. Rf3+ Ke8 48. Rf8+ Kd7 49. Bf3 b6 50. Be2 Rf4 51. Bxa6 bxc5 52. Bc8+ Ke7 53.
Rxf4 Nxf4 54. Bxe6 Nxe6 55. b5 Kd6 56. Kc3 Kc7 57. Kc4 Kb6 58. a4 Nc7 59. a5+
Kxa5 60. Kxc5 Nxb5 61. Kd5 Nc7+ 62. Kd6 Kb6 63. Ke7 Nd5+ 64. Kf7 Nf6 65. Kxg7
Nxg4 66. Kg6 Kc6 67. Kf5 Ne3+ 68. Kg6 1/2-1/2

[Event "Andorra open"]
[Site "Escaldes"]
[Date "2022.07.27"]
[Round "5.14"]
[White "Girel, Joseph"]
[Black "Moral Garcia, Serafin"]
[Result "1-0"]
[WhiteElo "2414"]
[BlackElo "2237"]
[PlyCount "108"]
[EventDate "2022.07.24"]
[EventCountry "AND"]

1. d4 Nf6 2. c4 g6 3. Nf3 Bg7 4. g3 O-O 5. Bg2 d5 6. cxd5 Nxd5 7. O-O Nb6 8.
Nc3 Nc6 9. e3 Re8 10. h3 a5 11. d5 Nb4 12. e4 e6 13. a3 Na6 14. Bg5 f6 15. Bc1
e5 16. b3 Bd7 17. Be3 Nc8 18. Nd2 Nd6 19. Qb1 Bf8 20. Rc1 Nb5 21. Nxb5 Bxb5 22.
Nc4 b6 23. Bf1 Bd7 24. Bd2 Nc5 25. b4 axb4 26. Bxb4 Ra7 27. Ra2 Na4 28. Rac2
Bc5 29. Nb2 Bd4 30. Nxa4 Bxa4 31. Rd2 Qd7 32. h4 c5 33. Bc3 Qd6 34. Rb2 Rb8 35.
Bb5 Bxb5 36. Rxb5 Rxa3 37. Bxd4 exd4 38. Rcxc5 Rba8 39. Rc6 Qe5 40. Kg2 d3 41.
Re6 Qa1 42. Rexb6 d2 43. Qb4 Qf1+ 44. Kxf1 d1=Q+ 45. Qe1 Qf3 46. Kg1 Rd3 47.
Rb8+ Rxb8 48. Rxb8+ Kf7 49. Rb7+ Ke8 50. Rb1 Rd4 51. Qa5 Qxe4 52. Qa8+ Kf7 53.
Rb7+ Qe7 54. Rxe7+ Kxe7 1-0

[Event "Andorra open"]
[Site "Escaldes"]
[Date "2022.07.27"]
[Round "5.15"]
[White "Macak, Stefan"]
[Black "Adla, Diego"]
[Result "1-0"]
[WhiteElo "2363"]
[BlackElo "2407"]
[PlyCount "93"]
[EventDate "2022.07.24"]
[EventCountry "AND"]

1. e4 c6 2. d4 d5 3. e5 Bf5 4. Nf3 e6 5. Be2 c5 6. c3 Nc6 7. O-O cxd4 8. Nxd4
Nge7 9. Nxf5 Nxf5 10. Bd3 g6 11. Qe2 Bg7 12. f4 Qb6+ 13. Kh1 h5 14. Na3 Bf8 15.
Nc2 a5 16. Ne3 Nxe3 17. Bxe3 Bc5 18. Bd2 Ne7 19. a4 Nf5 20. b4 Be7 21. bxa5 Qc7
22. Rfb1 Bc5 23. Bxf5 gxf5 24. Qb5+ Kf8 25. Qxb7 Qxb7 26. Rxb7 Kg7 27. Rc7 Rhc8
28. Rxc8 Rxc8 29. g3 Rb8 30. Ra2 Rb1+ 31. Kg2 Rg1+ 32. Kh3 Rf1 33. a6 Rf2 34.
Rb2 Re2 35. Bc1 Re1 36. Rc2 Re4 37. Ra2 Rc4 38. Bd2 Ba7 39. Kg2 Rc6 40. Kf3 h4
41. gxh4 Kg6 42. a5 Kh5 43. Be1 Rxa6 44. Bf2 Bxf2 45. Kxf2 Kxh4 46. Ke3 Kg4 47.
Ra4 1-0

[Event "Andorra open"]
[Site "Escaldes"]
[Date "2022.07.27"]
[Round "5.16"]
[White "Garriga Cazorla, Pere"]
[Black "Barros, Raul Junior"]
[Result "1-0"]
[WhiteElo "2505"]
[BlackElo "2174"]
[PlyCount "55"]
[EventDate "2022.07.24"]
[EventCountry "AND"]

1. d4 d5 2. c4 e6 3. Nc3 a6 4. e3 Nf6 5. Nf3 Be7 6. cxd5 exd5 7. Bd3 O-O 8. O-O
Bg4 9. Qb3 Bxf3 10. gxf3 b5 11. Rd1 Nc6 12. Bf1 Bd6 13. Bg2 b4 14. Na4 Na5 15.
Qc2 Nh5 16. h3 f5 17. Nc5 Qe7 18. Qa4 Nc4 19. Qd7 Qxd7 20. Nxd7 Rfd8 21. f4 c6
22. Ne5 Bxe5 23. fxe5 g6 24. b3 Nb6 25. Bd2 a5 26. Rac1 Rdc8 27. Rc5 a4 28.
Rdc1 1-0

[Event "Andorra open"]
[Site "Escaldes"]
[Date "2022.07.27"]
[Round "5.17"]
[White "Laurent-Paoli, Pierre"]
[Black "Bottazzi, Ulysse"]
[Result "1/2-1/2"]
[WhiteElo "2481"]
[BlackElo "2140"]
[PlyCount "131"]
[EventDate "2022.07.24"]
[EventCountry "AND"]

1. d4 Nf6 2. c4 g6 3. g3 Bg7 4. Bg2 O-O 5. Nc3 d6 6. Nf3 Nc6 7. O-O a6 8. h3
Rb8 9. e4 b5 10. d5 Na5 11. cxb5 axb5 12. b4 Nc4 13. Nd4 Bd7 14. a4 bxa4 15. b5
e6 16. Rxa4 Nb6 17. Ra6 Re8 18. Qd3 exd5 19. exd5 Qc8 20. Kh2 Bxb5 21. Qxb5
Nbxd5 22. Qc4 Nxc3 23. Rc6 Nce4 24. Rxc7 d5 25. Rxc8 dxc4 26. Rxc4 Nd6 27. Rc2
Rb4 28. Nc6 Rc4 29. Rxc4 Nxc4 30. Rd1 h5 31. Bf4 Nb6 32. Kg1 Nc8 33. Rb1 Ne7
34. Rb7 Nxc6 35. Bxc6 Re6 36. Bf3 Bf8 37. Be3 Bd6 38. Kg2 Kg7 39. Bd1 Re7 40.
Rb6 Be5 41. Bb3 Nd7 42. Rb5 Bf6 43. g4 hxg4 44. hxg4 Nf8 45. g5 Ba1 46. Ra5 Bc3
47. Rc5 Bb2 48. Rc2 Ba1 49. Bc5 Rb7 50. Bd5 Rd7 51. Ba2 Bd4 52. Bb4 Rb7 53. Bd2
Rb2 54. Rxb2 Bxb2 55. f4 f6 56. gxf6+ Bxf6 57. Kf3 Bb2 58. Ke4 Nh7 59. Ba5 Nf6+
60. Kf3 Nh5 61. Bc7 Bc1 62. Be5+ Kh6 63. Bb1 Bxf4 64. Bxf4+ Nxf4 65. Bxg6 Nd3
66. Bxd3 1/2-1/2

[Event "Andorra open"]
[Site "Escaldes"]
[Date "2022.07.27"]
[Round "5.18"]
[White "Narciso Dublan, Marc"]
[Black "Serra Pages, Jordi"]
[Result "1-0"]
[WhiteElo "2461"]
[BlackElo "2170"]
[PlyCount "61"]
[EventDate "2022.07.24"]
[EventCountry "AND"]

1. d4 d5 2. Bf4 Nf6 3. e3 e6 4. Nf3 Bd6 5. Nbd2 O-O 6. c3 b6 7. h4 Bb7 8. Ne5
Ne4 9. Nxe4 dxe4 10. Qg4 f5 11. Qg3 Nd7 12. O-O-O Qe8 13. Bb5 c6 14. Bxc6 Bxc6
15. Nxc6 Bxf4 16. Qxf4 Nf6 17. Qd6 Rf7 18. Ne5 Rd8 19. Qc6 Qxc6 20. Nxc6 Rd6
21. Ne5 Rc7 22. Rd2 h5 23. Rc2 Ng4 24. Nxg4 fxg4 25. c4 Rdc6 26. b3 b5 27. c5
a5 28. f3 exf3 29. gxf3 Rf7 30. fxg4 Rf3 31. e4 1-0

[Event "Andorra open"]
[Site "Escaldes"]
[Date "2022.07.27"]
[Round "5.19"]
[White "Glimbrant, Torbjorn"]
[Black "Cruz Lledo, Pablo"]
[Result "1/2-1/2"]
[WhiteElo "2206"]
[BlackElo "2433"]
[PlyCount "28"]
[EventDate "2022.07.24"]
[EventCountry "AND"]

1. d4 d5 2. Nf3 c6 3. c4 Nf6 4. Nc3 a6 5. cxd5 cxd5 6. Bf4 Nc6 7. e3 Bf5 8. Bd3
Bxd3 9. Qxd3 e6 10. O-O Bd6 11. Bxd6 Qxd6 12. a3 O-O 13. Rac1 Rfc8 14. h3 h6
1/2-1/2

[Event "Andorra open"]
[Site "Escaldes"]
[Date "2022.07.27"]
[Round "5.20"]
[White "Katz, Alexander"]
[Black "Valle Luis, Leo"]
[Result "1-0"]
[WhiteElo "2402"]
[BlackElo "2089"]
[PlyCount "109"]
[EventDate "2022.07.24"]
[EventCountry "AND"]

1. g3 Nf6 2. Bg2 e6 3. Nf3 Be7 4. O-O d5 5. c4 O-O 6. b3 c5 7. Bb2 Nc6 8. cxd5
exd5 9. d4 Bf5 10. Nc3 Ne4 11. dxc5 Nxc3 12. Bxc3 Bxc5 13. Nd4 Bxd4 14. Bxd4
Re8 15. e3 Qd7 16. Bb2 Rad8 17. Qh5 Bg6 18. Qh4 Qe6 19. Rfd1 Be4 20. Bh3 Qg6
21. Rd2 f6 22. Qg4 Ne5 23. Bxe5 fxe5 24. Qxg6 Bxg6 25. Bg2 d4 26. exd4 Rxd4 27.
Rxd4 exd4 28. Rd1 Rd8 29. Bxb7 d3 30. Rd2 Kf8 31. f3 Re8 32. Kf2 Re7 33. Ba6
Rc7 34. Ke3 Re7+ 35. Kd4 Rd7+ 36. Kc3 Re7 37. f4 Rc7+ 38. Bc4 h5 39. Rd1 h4 40.
Re1 a5 41. g4 a4 42. f5 Be8 43. Kxd3 axb3 44. axb3 Ra7 45. Re3 g5 46. fxg6
Bxg6+ 47. Kd4 Rd7+ 48. Ke5 Kg7 49. Kf4 Kh6 50. Re6 Rd4+ 51. Ke3 Rd1 52. Be2 Rd5
53. Bf3 Rb5 54. Be4 Rxb3+ 55. Kf4 1-0

[Event "Andorra open"]
[Site "Escaldes"]
[Date "2022.07.28"]
[Round "6.1"]
[White "Rathanvel, V S."]
[Black "Zoler, Dan"]
[Result "1/2-1/2"]
[WhiteElo "2478"]
[BlackElo "2449"]
[PlyCount "45"]
[EventDate "2022.07.24"]
[EventCountry "AND"]

1. e4 e5 2. Nf3 Nc6 3. Bb5 a6 4. Ba4 Nf6 5. O-O Be7 6. Re1 b5 7. Bb3 d6 8. c3
O-O 9. h3 Nb8 10. d4 Nbd7 11. Nbd2 Bb7 12. Bc2 Re8 13. Nf1 Bf8 14. Ng3 g6 15.
Bd2 Bg7 16. Qc1 Qe7 17. Bh6 Bxh6 18. Qxh6 Qf8 19. Qd2 Nb6 20. b3 Rad8 21. Qg5
Qg7 22. Rad1 Nfd7 23. Bb1 1/2-1/2

[Event "Andorra open"]
[Site "Escaldes"]
[Date "2022.07.28"]
[Round "6.2"]
[White "Kogan, Arthur"]
[Black "Kobo, Ori"]
[Result "1/2-1/2"]
[WhiteElo "2476"]
[BlackElo "2534"]
[PlyCount "26"]
[EventDate "2022.07.24"]
[EventCountry "AND"]

1. e4 e5 2. Nf3 Nc6 3. Nc3 Nf6 4. d4 exd4 5. Nxd4 Bb4 6. Nxc6 bxc6 7. Bd3 O-O
8. O-O d5 9. exd5 cxd5 10. h3 Rb8 11. Qf3 Be7 12. Re1 Bb7 13. Nb5 Bb4 1/2-1/2

[Event "Andorra open"]
[Site "Escaldes"]
[Date "2022.07.28"]
[Round "6.3"]
[White "Holm, Kristian Stuvik"]
[Black "Iniyan, P."]
[Result "1/2-1/2"]
[WhiteElo "2463"]
[BlackElo "2533"]
[PlyCount "36"]
[EventDate "2022.07.24"]
[EventCountry "AND"]

1. e4 c5 2. Nf3 d6 3. Bb5+ Nd7 4. d4 cxd4 5. Nxd4 Ngf6 6. O-O a6 7. Bd3 e6 8.
c4 Be7 9. Nc3 O-O 10. Re1 Qc7 11. Bf1 b6 12. Be3 Bb7 13. f3 Rac8 14. Rc1 Qb8
15. Qd2 Rfe8 16. Kh1 Bd8 17. b4 Bc7 18. Na4 Ne5 1/2-1/2

[Event "Andorra open"]
[Site "Escaldes"]
[Date "2022.07.28"]
[Round "6.4"]
[White "Neugebauer, Martin"]
[Black "Girel, Joseph"]
[Result "1/2-1/2"]
[WhiteElo "2528"]
[BlackElo "2414"]
[PlyCount "50"]
[EventDate "2022.07.24"]
[EventCountry "AND"]

1. d4 Nf6 2. c4 e6 3. Nc3 Bb4 4. e3 O-O 5. Nge2 c6 6. a3 Ba5 7. c5 d5 8. cxd6
Qxd6 9. b4 Bc7 10. g3 Nbd7 11. Bg2 e5 12. O-O Re8 13. e4 exd4 14. Nxd4 Ne5 15.
Bf4 Bg4 16. f3 Bb6 17. Nce2 Rad8 18. fxg4 Bxd4+ 19. Nxd4 Qxd4+ 20. Qxd4 Rxd4
21. g5 Nxe4 22. Bxe5 Rxe5 23. Rf4 Nc3 24. Rxd4 Ne2+ 25. Kf2 Nxd4 1/2-1/2

[Event "Andorra open"]
[Site "Escaldes"]
[Date "2022.07.28"]
[Round "6.5"]
[White "Almagro Llamas, Pablo"]
[Black "Asis Gargatagli, Hipolito"]
[Result "1/2-1/2"]
[WhiteElo "2394"]
[BlackElo "2514"]
[PlyCount "65"]
[EventDate "2022.07.24"]
[EventCountry "AND"]

1. d4 f5 2. c4 Nf6 3. Nc3 g6 4. h4 d6 5. h5 Nxh5 6. Rxh5 gxh5 7. e4 fxe4 8.
Qxh5+ Kd7 9. g3 Qe8 10. Bh3+ e6 11. Qe2 Qg6 12. Nxe4 Be7 13. Nf3 h6 14. Bf4 Kd8
15. O-O-O Nc6 16. c5 e5 17. Bxc8 Kxc8 18. cxd6 exf4 19. d5 Nd4 20. Nxd4 Bxd6
21. Ne6 Kb8 22. Qc4 Rc8 23. Rd3 fxg3 24. Rb3 a6 25. fxg3 Ra7 26. Rc3 Be5 27.
N4c5 Qe8 28. Rb3 Ka8 29. Re3 Qh8 30. Rb3 Qe8 31. Re3 Qh8 32. Rb3 Qe8 33. Re3
1/2-1/2

[Event "Andorra open"]
[Site "Escaldes"]
[Date "2022.07.28"]
[Round "6.6"]
[White "Glavina, Pablo"]
[Black "Lopez Martinez, Josep Manuel"]
[Result "0-1"]
[WhiteElo "2394"]
[BlackElo "2486"]
[PlyCount "94"]
[EventDate "2022.07.24"]
[EventCountry "AND"]

1. c4 e5 2. Nc3 Bb4 3. Nd5 Be7 4. d4 d6 5. g3 Nf6 6. Bg2 c6 7. Nxe7 Qxe7 8. d5
O-O 9. e4 b5 10. cxb5 cxd5 11. exd5 a6 12. bxa6 Bxa6 13. Ne2 Qb7 14. O-O Bc4
15. Re1 Bxa2 16. Bg5 Nbd7 17. Nc3 Qxb2 18. Nxa2 Rxa2 19. Rxa2 Qxa2 20. Qc1 h6
21. Be3 Ng4 22. Qc6 Nxe3 23. Rxe3 Nf6 24. h3 Rb8 25. Re1 Qa3 26. Qc7 Qb4 27.
Ra1 Ne8 28. Qc6 Qd4 29. Rc1 g6 30. Qa6 Kg7 31. Qc6 h5 32. Qa6 Rb2 33. Rf1 Rb6
34. Qe2 Nf6 35. Rd1 Qc5 36. Qd2 Rb3 37. Rc1 Qa7 38. Rc6 Qa1+ 39. Rc1 Qa3 40.
Rd1 Rb2 41. Qe1 Rc2 42. Ra1 Qc5 43. Rd1 Rc3 44. Kh2 h4 45. g4 Nh7 46. Qe2 Ng5
47. Qd2 Rxh3+ 0-1

[Event "Andorra open"]
[Site "Escaldes"]
[Date "2022.07.28"]
[Round "6.7"]
[White "Macak, Stefan"]
[Black "Aronyak, Ghosh"]
[Result "0-1"]
[WhiteElo "2363"]
[BlackElo "2486"]
[PlyCount "116"]
[EventDate "2022.07.24"]
[EventCountry "AND"]

1. e4 c5 2. Nf3 d6 3. d4 cxd4 4. Nxd4 Nf6 5. Nc3 Nc6 6. f3 e5 7. Nb3 Be6 8. Be3
d5 9. exd5 Nxd5 10. Nxd5 Qxd5 11. Qxd5 Bxd5 12. O-O-O O-O-O 13. c4 Be6 14.
Rxd8+ Kxd8 15. Nc5 Bc8 16. Be2 Be7 17. Rd1+ Kc7 18. Ne4 Rd8 19. Rxd8 Kxd8 20.
Kd2 f5 21. Nc3 b6 22. a3 Be6 23. Nd5 Bc5 24. f4 Kd7 25. b4 Bxe3+ 26. Kxe3 Kd6
27. Nc3 exf4+ 28. Kxf4 Nd4 29. Bd3 Bd7 30. Bb1 h6 31. h4 g6 32. g3 Ne6+ 33. Ke3
Ke5 34. Nd1 f4+ 35. gxf4+ Nxf4 36. Be4 Bf5 37. Bf3 Nd3 38. Nc3 Ne1 39. c5 bxc5
40. bxc5 Nxf3 41. Kxf3 Kd4 42. Ne2+ Kxc5 43. Ke3 Kc4 44. Nd4 Bd7 45. Ke4 a5 46.
Ke3 a4 47. Nf3 Kb3 48. Kd4 Kxa3 49. Kc3 Be8 50. Nd2 g5 51. hxg5 hxg5 52. Ne4 g4
53. Ng3 Bg6 54. Ne2 Bh7 55. Ng3 Ka2 56. Ne2 a3 57. Ng3 Kb1 58. Nf1 Bg8 0-1

[Event "Andorra open"]
[Site "Escaldes"]
[Date "2022.07.28"]
[Round "6.8"]
[White "Cuartas, Jaime Alexander"]
[Black "Sokolovsky, Yahli"]
[Result "1/2-1/2"]
[WhiteElo "2513"]
[BlackElo "2386"]
[PlyCount "70"]
[EventDate "2022.07.24"]
[EventCountry "AND"]

1. e4 e5 2. Nf3 Nc6 3. Bb5 a6 4. Ba4 Nf6 5. O-O Be7 6. Bxc6 dxc6 7. d3 Bd6 8.
Nbd2 Be6 9. b3 Nd7 10. Bb2 Qe7 11. d4 f6 12. c4 b6 13. c5 bxc5 14. dxe5 fxe5
15. Nc4 Bxc4 16. bxc4 O-O 17. Qd3 a5 18. a4 Rfb8 19. Bc3 Nf8 20. g3 Qf6 21. Nd2
Ne6 22. f4 Qh6 23. f5 Nd4 24. Rab1 Rb6 25. Kg2 Qg5 26. Nf3 Qf6 27. Rb2 Rab8 28.
Rfb1 h6 29. g4 Qd8 30. Kg3 Be7 31. Rxb6 Rxb6 32. Bxd4 cxd4 33. Rxb6 cxb6 34.
Qb3 Bc5 35. Qd3 Qc7 1/2-1/2

[Event "Andorra open"]
[Site "Escaldes"]
[Date "2022.07.28"]
[Round "6.9"]
[White "Vestby-Ellingsen, Mads"]
[Black "Garriga Cazorla, Pere"]
[Result "1-0"]
[WhiteElo "2351"]
[BlackElo "2505"]
[PlyCount "93"]
[EventDate "2022.07.24"]
[EventCountry "AND"]

1. d4 Nf6 2. c4 e6 3. Nc3 Bb4 4. e3 d5 5. cxd5 exd5 6. Bd3 O-O 7. a3 Bd6 8. Qc2
Na6 9. Nf3 c6 10. O-O Nc7 11. Ne5 c5 12. f4 g6 13. Qf2 b6 14. Bd2 Bb7 15. Rad1
a6 16. Bb1 b5 17. Ne2 c4 18. Ng3 Ne4 19. Nxe4 dxe4 20. d5 Bxd5 21. Ba5 f6 22.
Nxg6 hxg6 23. Rxd5 Qe7 24. Bxe4 Nxd5 25. Bxd5+ Kg7 26. Bxa8 Rxa8 27. Bb6 Bc5
28. Bxc5 Qxc5 29. Rd1 Re8 30. Rd7+ Kg8 31. Rd4 a5 32. Qd2 Kg7 33. Rd7+ Kh6 34.
Kf2 b4 35. axb4 axb4 36. Qd4 Qf5 37. Rd5 Qc2+ 38. Kf3 c3 39. bxc3 b3 40. f5 Re7
41. Qb4 Rf7 42. fxg6 Rc7 43. Qf4+ Kxg6 44. Qg3+ Kh6 45. Qxc7 b2 46. Qf7 Qg6 47.
Qxg6+ 1-0

[Event "Andorra open"]
[Site "Escaldes"]
[Date "2022.07.28"]
[Round "6.10"]
[White "Solodovnichenko, Yuri"]
[Black "Porras Mateo, Felipe"]
[Result "1-0"]
[WhiteElo "2497"]
[BlackElo "2340"]
[PlyCount "135"]
[EventDate "2022.07.24"]
[EventCountry "AND"]

1. e4 e5 2. Nf3 Nc6 3. Bb5 a6 4. Ba4 Nf6 5. O-O b5 6. Bb3 Be7 7. Re1 O-O 8. h3
d5 9. exd5 Nxd5 10. Nxe5 Nxe5 11. Rxe5 c6 12. Nc3 Bf6 13. Re1 Be6 14. Ne4 Be7
15. d4 Qd7 16. Qf3 Rfe8 17. Bg5 f6 18. Bd2 Bf8 19. c3 Bf5 20. Re2 Kh8 21. Rae1
Bg6 22. h4 h6 23. h5 Bh7 24. Ng3 Rxe2 25. Qxe2 Nc7 26. Bd1 c5 27. Be3 Re8 28.
Bc2 Bxc2 29. Qxc2 cxd4 30. cxd4 Nd5 31. Qf5 Qf7 32. Ne4 Kg8 33. Bd2 Rd8 34. Ba5
Re8 35. g4 b4 36. Re2 Rb8 37. a4 bxa3 38. bxa3 Rb5 39. Qc8 Nf4 40. Re3 Rxa5 41.
Nd6 Qd5 42. Qxf8+ Kh7 43. Ne4 Qxd4 44. Qd6 Qxd6 45. Nxd6 Rd5 46. Nf5 Nxh5 47.
Re7 Ra5 48. Ra7 Kg6 49. Ne7+ Kg5 50. gxh5 Rxa3 51. Nd5 g6 52. hxg6 Kxg6 53. Kg2
h5 54. Ne3 Ra1 55. Nc2 Ra4 56. Ne3 Ra1 57. Kg3 Ra3 58. Ra8 a5 59. Ra6 Kg5 60.
Kg2 f5 61. Nc4 Ra4 62. Ne5 Kf4 63. Nf3 Ra3 64. Rc6 Ra4 65. Rc5 Kg4 66. Ne5+ Kf4
67. Nc4 h4 68. Ne3 1-0

[Event "Andorra open"]
[Site "Escaldes"]
[Date "2022.07.28"]
[Round "6.11"]
[White "Karthik, Rajaa"]
[Black "Narciso Dublan, Marc"]
[Result "0-1"]
[WhiteElo "2331"]
[BlackElo "2461"]
[PlyCount "90"]
[EventDate "2022.07.24"]
[EventCountry "AND"]

1. Nf3 f5 2. d4 Nf6 3. c4 g6 4. g3 Bg7 5. Bg2 O-O 6. O-O d6 7. Nc3 Qe8 8. Nd5
Nxd5 9. cxd5 Nd7 10. Qb3 Nb6 11. a4 e6 12. dxe6 Bxe6 13. Qc2 Qc6 14. Qd1 Bd5
15. a5 Nd7 16. Bf4 Nf6 17. Rc1 Qd7 18. Nd2 Rae8 19. Re1 h6 20. Nb1 g5 21. Bd2
f4 22. Bxd5+ Nxd5 23. Qb3 Qf7 24. Qf3 fxg3 25. Qxf7+ Rxf7 26. hxg3 Bxd4 27. e3
Bxb2 28. Rc2 Bg7 29. Na3 a6 30. Nc4 Re6 31. g4 Nf6 32. f3 d5 33. Nb2 Ne8 34.
Nd3 Nd6 35. Nc5 Ree7 36. Kf2 Nc4 37. Rxc4 dxc4 38. Rc1 c3 39. Bxc3 Bxc3 40.
Rxc3 Re5 41. e4 h5 42. Ke3 h4 43. Kd4 Ree7 44. e5 Rf4+ 45. Ne4 h3 0-1

[Event "Andorra open"]
[Site "Escaldes"]
[Date "2022.07.28"]
[Round "6.12"]
[White "Torres Rosas, Luis Carlos"]
[Black "Boyer, Mahel"]
[Result "0-1"]
[WhiteElo "2323"]
[BlackElo "2439"]
[PlyCount "34"]
[EventDate "2022.07.24"]
[EventCountry "AND"]

1. d4 Nf6 2. c4 g6 3. Nc3 Bg7 4. e4 d6 5. Nge2 O-O 6. Ng3 a6 7. Be3 c5 8. d5 b5
9. cxb5 axb5 10. Bxb5 h5 11. h3 Qa5 12. Qd3 Ba6 13. Bxa6 Qxa6 14. Qxa6 Nxa6 15.
Nf1 Nd7 16. Nd2 f5 17. exf5 gxf5 {Resto ilegible} 0-1

[Event "Andorra open"]
[Site "Escaldes"]
[Date "2022.07.28"]
[Round "6.13"]
[White "Nottola, Adrien"]
[Black "Katz, Alexander"]
[Result "0-1"]
[WhiteElo "2275"]
[BlackElo "2402"]
[PlyCount "62"]
[EventDate "2022.07.24"]
[EventCountry "AND"]

1. e4 c6 2. c4 d5 3. cxd5 cxd5 4. exd5 Nf6 5. Nc3 Nxd5 6. Nf3 Nc6 7. Bb5 e6 8.
O-O Be7 9. d4 O-O 10. Re1 a6 11. Bxc6 bxc6 12. Na4 Rb8 13. Ne5 Qc7 14. Bd2 f6
15. Nc4 Qa7 16. Na5 Bd7 17. Nb3 e5 18. Nc3 Be6 19. Qe2 Rbe8 20. Rac1 Nxc3 21.
Bxc3 Bd5 22. Qd2 e4 23. Bb4 f5 24. Bc5 Qd7 25. Qf4 g5 26. Qe5 Bd8 27. Qb8 Bc7
28. Qb4 Rf6 29. Nd2 f4 30. Nc4 f3 31. Ne3 fxg2 0-1

[Event "Andorra open"]
[Site "Escaldes"]
[Date "2022.07.28"]
[Round "6.14"]
[White "Domene Mulyukov, Alexander"]
[Black "Alonso Garcia, Aaron"]
[Result "0-1"]
[WhiteElo "2251"]
[BlackElo "2374"]
[PlyCount "110"]
[EventDate "2022.07.24"]
[EventCountry "AND"]

1. e4 e6 2. b3 d5 3. Bb2 Nc6 4. e5 d4 5. Bb5 Qd5 6. Bxc6+ Qxc6 7. Nf3 Qe4+ 8.
Kf1 c5 9. Na3 b6 10. d3 Qc6 11. Nc4 Bb7 12. Bc1 h5 13. h4 O-O-O 14. Rh3 f6 15.
Rg3 Ne7 16. Nd6+ Rxd6 17. exd6 Nf5 18. Rh3 Bxd6 19. Qe1 e5 20. Bd2 Re8 21. c3
dxc3 22. Bxc3 Ba6 23. Qd1 Qd5 24. Kg1 Rd8 25. Ne1 g6 26. Qf3 Qe6 27. Rb1 Ne7
28. Bd2 Bb7 29. Qe2 Nc6 30. Nc2 Bc7 31. Bc3 Qg4 32. Qxg4+ hxg4 33. Re3 Ne7 34.
Rg3 f5 35. Re1 e4 36. Rge3 Nd5 37. dxe4 Nxe3 38. Nxe3 Bxe4 39. Nxg4 Rd3 40. Be5
Bd8 41. Nf6 Bc6 42. Re2 a5 43. f3 a4 44. Kf2 axb3 45. axb3 Rxb3 46. Kg3 Rb4 47.
Rd2 Bc7 48. f4 Rb3+ 49. Kf2 c4 50. Ng8 c3 51. Ne7+ Kb7 52. Rd1 c2 53. Rc1 Be4
54. Ke1 b5 55. Nxg6 Rb1 0-1

[Event "Andorra open"]
[Site "Escaldes"]
[Date "2022.07.28"]
[Round "6.15"]
[White "Vela Frago, Alberto"]
[Black "Gatineau, Yovann"]
[Result "0-1"]
[WhiteElo "2245"]
[BlackElo "2368"]
[PlyCount "60"]
[EventDate "2022.07.24"]
[EventCountry "AND"]

1. c4 e6 2. Nf3 Nf6 3. g3 d5 4. Bg2 dxc4 5. Qa4+ Nbd7 6. Qxc4 a6 7. Qc2 c5 8.
O-O Qc7 9. d3 b5 10. a4 Bb7 11. Nc3 b4 12. Nb1 a5 13. Nbd2 Be7 14. Nc4 Nb6 15.
Bf4 Qd8 16. Nxb6 Qxb6 17. Nd2 Bxg2 18. Kxg2 Nd5 19. e4 Nxf4+ 20. gxf4 Qc7 21.
e5 O-O 22. Rae1 Rfd8 23. Re3 Rd4 24. Ne4 Rad8 25. Qe2 Qd7 26. b3 Rxd3 27. Qxd3
Qxd3 28. Rxd3 Rxd3 29. Rc1 Rxb3 30. Nxc5 Rc3 0-1

[Event "Andorra open"]
[Site "Escaldes"]
[Date "2022.07.28"]
[Round "6.16"]
[White "Anustoop, Biswas"]
[Black "Bilych, Olexiy"]
[Result "1/2-1/2"]
[WhiteElo "2175"]
[BlackElo "2365"]
[PlyCount "59"]
[EventDate "2022.07.24"]
[EventCountry "AND"]

1. e4 c5 2. c3 Nf6 3. e5 Nd5 4. Nf3 e6 5. d4 cxd4 6. cxd4 d6 7. exd6 Bxd6 8.
Nc3 Nc6 9. Bc4 O-O 10. O-O Nxc3 11. bxc3 b6 12. Bd3 Bb7 13. Re1 Qc7 14. h3 Bf4
15. Qe2 g6 16. Ng5 Bxc1 17. Raxc1 Ne7 18. Ne4 Bxe4 19. Bxe4 Rad8 20. Red1 Rd7
21. Bc2 Rc8 22. Bb3 Nd5 23. Qf3 b5 24. a4 a6 25. axb5 axb5 26. Rd2 Kg7 27. Rdc2
h5 28. Qe2 Qb7 29. Rb1 Qc6 30. Qf3 {Faltan jugadas} 1/2-1/2

[Event "Andorra open"]
[Site "Escaldes"]
[Date "2022.07.28"]
[Round "6.17"]
[White "Cruz Lledo, Pablo"]
[Black "Weber, Samuel"]
[Result "1-0"]
[WhiteElo "2433"]
[BlackElo "2227"]
[PlyCount "123"]
[EventDate "2022.07.24"]
[EventCountry "AND"]

1. d4 Nf6 2. Nf3 g6 3. g3 Bg7 4. Bg2 c5 5. O-O O-O 6. b3 cxd4 7. Bb2 d5 8. Nxd4
Re8 9. Nd2 e5 10. N4f3 Nc6 11. e3 Bf5 12. c4 dxc4 13. Nxc4 Bd3 14. Re1 Bxc4 15.
bxc4 Qc7 16. Nd2 Rad8 17. Qe2 Nb4 18. Red1 Nd3 19. Rab1 Nxb2 20. Rxb2 e4 21.
Rc2 h5 22. c5 Rd5 23. Nb3 Red8 24. Rxd5 Rxd5 25. Rc4 Qd7 26. Nd4 Bf8 27. Qc2 h4
28. c6 bxc6 29. Rxc6 Bg7 30. Rc7 Qd6 31. Rxa7 Qb4 32. Bf1 Rc5 33. Qb3 Qxb3 34.
Nxb3 Rc2 35. Nd4 Rc1 36. gxh4 Ng4 37. h3 Bxd4 38. Ra8+ Kg7 39. hxg4 Bf6 40. g5
Bc3 41. Ra4 Be1 42. Rxe4 Rc2 43. Rf4 Rxa2 44. Rxf7+ Kxf7 45. Bc4+ Kg7 46. Bxa2
Bd2 47. Kf1 Ba5 48. Ke2 Bc7 49. f4 Bb8 50. Kf3 Bd6 51. Kg4 Bb4 52. e4 Bd2 53.
f5 Bc3 54. h5 gxf5+ 55. Kxf5 Kh7 56. e5 Kg7 57. h6+ Kh7 58. Bb1 Bb2 59. Kf6+
Kh8 60. g6 Ba1 61. g7+ Kg8 62. h7# 1-0